[Event "World Rapid 2015"]
[Site "Berlin GER"]
[Date "2015.10.10"]
[Round "4.32"]
[White "Maze,S"]
[Black "Grischuk,A"]
[Result "1/2-1/2"]
[WhiteElo "2582"]
[BlackElo "2774"]

1.e4 c5 2.Nf3 d6 3.Bb5+ Nd7 4.c3 Nf6 5.Qe2 a6 6.Ba4 b5 7.Bc2 Bb7 8.a4 e6
9.d4 Be7 10.e5 dxe5 11.dxe5 Nd5 12.axb5 axb5 13.Rxa8 Qxa8 14.Qxb5 Nb6 15.Qe2 Ba6
16.Bd3 Bxd3 17.Qxd3 c4 18.Qc2 O-O 19.O-O h6 20.Be3 Nd5 21.Bd4 Rb8 22.Nbd2 Qa2
23.Qb1 Rxb2 24.Qxa2 Rxa2 25.Nxc4 f5 26.Ne3 Nf4 27.g3 Ne2+ 28.Kg2 Nc5 29.Ng1 Ne4
30.Nxe2 Rxe2 31.Kg1 Bc5 32.h4 g5 33.hxg5 hxg5 34.Kg2 g4 35.Nc4 Kf7 36.Nd6+ Bxd6
37.exd6 Nxd6 38.Rb1 e5 39.Kf1 Re4 40.Bc5 Nc4 41.Rd1 Ke6 42.Bb4 f4 43.gxf4 exf4
44.Bc5 Re5 45.Bd4 Ra5 46.Kg2 Kf5 47.Re1 Nd2 48.Re8 Nf3 49.Rf8+ Ke4 50.Re8+ Kd3
51.Rg8 Nh4+ 52.Kh2 Nf3+ 53.Kg2 Rg5 54.Rxg5 Nxg5 55.Be5 f3+ 56.Kg3 Ne4+ 57.Kxg4 Ke2
58.Bd4 Nxf2+ 59.Kf4 Nd3+ 60.Ke4 Nb2 61.Kf4 Nc4 62.Kg3 Nd6 63.Bg1 Ne4+ 64.Kf4 Nxc3
65.Ba7 Nb5 66.Bg1 Nc7 67.Ba7 Ne6+ 68.Ke4 Ng5+ 69.Kf5 Nh3 70.Ke4 Nf2+ 71.Kf4 Nd1
72.Ke4 Nb2 73.Kf4 Nc4 74.Bc5 Nd2 75.Ba7 Kf1 76.Ke3 Ke1 77.Kf4 Ke2 78.Bb6  1/2-1/2

[Event "chess.com QF Blitz 5m+2spm 2016"]
[Site "chess.com INT"]
[Date "2016.04.06"]
[Round "6"]
[White "Aronian,L"]
[Black "Grischuk,A"]
[Result "1-0"]
[WhiteElo "2784"]
[BlackElo "2752"]

1.Nf3 Nf6 2.c4 g6 3.Nc3 Bg7 4.e4 e5 5.Nxe5 O-O 6.Nf3 Re8 7.d3 d5 8.cxd5 Nxd5
9.Nxd5 Qxd5 10.Be2 Qd6 11.O-O c5 12.Qc2 Nc6 13.Be3 b6 14.a3 Bg4 15.Ng5 Be6
16.Nxe6 Qxe6 17.Kh1 Rad8 18.f4 Bd4 19.f5 Qe7 20.Qd2 Bxe3 21.Qxe3 Qe5 22.Rab1 Nd4
23.Qf2 gxf5 24.Bh5 f4 25.Bg4 Ne6 26.Rbd1 Kh8 27.Qh4 Qxb2 28.d4 Ng7 29.Rxf4 Rxd4
30.Rdf1 Rdxe4 31.Rxf7 Rg8 32.h3 Qe5 33.Rxa7 c4 34.Qh6 Re1 35.Rf7 c3 36.Qc6 Qg3
37.Rf3 Rxf1+ 38.Rxf1 Qe3 39.a4 Qd2 40.Bd1 Re8 41.Bb3 h6 42.Qg6 Re1 43.Qf7 Rxf1+
44.Qxf1 Qd8 45.Qc4 Nf5 46.Qxc3+ Qd4 47.Qc8+ Kg7 48.Qxf5 Qa1+ 49.Kh2  1-0

[Event "Eurasian Blitz Chess Cup"]
[Site "Almaty KAZ"]
[Date "2016.06.19"]
[Round "22.6"]
[White "Onischuk,V"]
[Black "Grischuk,A"]
[Result "1-0"]
[WhiteElo "2613"]
[BlackElo "2747"]

1.e4 c6 2.d4 d5 3.e5 Bf5 4.h4 h5 5.Bd3 Bxd3 6.Qxd3 e6 7.Bg5 Qa5+ 8.Nd2 c5
9.Nf3 Nc6 10.O-O cxd4 11.Nb3 Qa6 12.Nbxd4 Qxd3 13.cxd3 Kd7 14.Rac1 Rc8 15.Be3 Nh6
16.Nxc6 bxc6 17.Bxa7 Ra8 18.Be3 Be7 19.a3 Nf5 20.g3 Rhb8 21.Rc2 Rb3 22.Rd1 Rab8
23.Bc1 f6 24.Kf1 Bd8 25.Ke2 Bc7 26.d4 fxe5 27.Nxe5+ Bxe5 28.dxe5 R8b5 29.Rd3 c5
30.Rxb3 Nd4+ 31.Kd1 Nxb3 32.Rc3 Kc6 33.Rf3 d4 34.Rf7 Kd5 35.Rxg7 c4 36.g4 hxg4
37.h5 Ke4 38.h6 Nxc1 39.h7 Rxb2  1-0

[Event "Ding vs Grischuk Match"]
[Site "Wenzhou CHN"]
[Date "2016.07.19"]
[Round "1"]
[White "Ding Liren"]
[Black "Grischuk,A"]
[Result "0-1"]
[WhiteElo "2778"]
[BlackElo "2747"]

1.d4 Nf6 2.c4 g6 3.f3 c5 4.d5 d6 5.e4 Bg7 6.Ne2 e6 7.Nbc3 exd5 8.cxd5 O-O
9.Ng3 a6 10.a4 Ne8 11.Be2 h5 12.Be3 h4 13.Nf1 f5 14.exf5 gxf5 15.Qd2 Nd7
16.Bg5 Bf6 17.Bxf6 Qxf6 18.f4 Ng7 19.Ne3 Re8 20.Rf1 Rb8 21.Rf3 Qg6 22.Rh3 Nf6
23.Rxh4 Bd7 24.Kf2 b5 25.axb5 axb5 26.Kg1 Re7 27.Rh3 Ng4 28.Ra7 b4 29.Ncd1 Rbe8
30.Rf3 Nh5 31.Rxd7 Rxd7 32.Bb5 Rde7 33.Bxe8 Rxe8 34.h3 Ngf6 35.Nf2 Ng3 36.Qd1 Kh8
37.Kh2 Rg8 38.b3 Nge4 39.Qe1 Nxd5 40.g4 Nxe3 41.Rxe3 d5 42.Nd3 fxg4 43.hxg4 Qxg4
44.Rh3+ Kg7 45.Rh4 Qxh4+ 46.Qxh4 Rh8 47.Qxh8+ Kxh8 48.Kh3 Kg7 49.Kg4 Kf6
50.f5 Ke7 51.Kh5 Kf7 52.Kg4 Nf6+ 53.Kg5 Nd7 54.f6 Ke6 55.Kg6 c4 56.bxc4 dxc4
57.Nxb4 Nxf6 58.Kg5 Nd5 59.Nc6 c3 60.Kg4 Kd6 61.Na5 Kc5 62.Kf3 Kb5 63.Nb3 Kc4
64.Nc1 c2 65.Ke4 Nb4 66.Ne2 Nc6 67.Ke3 Kb3 68.Nc1+ Kc3 69.Ne2+ Kb2 70.Kd3 Nb4+
71.Kd4 Na2 72.Nf4 Kb1 73.Ne2 Nc1 74.Nc3+ Ka1 75.Kc4 Na2 76.Ne2 Kb2 77.Kd4 Nc1
78.Nf4 Nb3+ 79.Kd5 Kc3 80.Ke4 Nc5+ 81.Kf3 Kd2 82.Ne2 Ne6 83.Kf2 Kd3 84.Nc1+ Kc3
85.Ke3 Kb2 86.Ne2 Nc7 87.Ke4 Nb5 88.Nf4 Ka1 89.Nd3 Kb1 90.Ke3 Nc3 91.Kd2 Ne4+  0-1

[Event "GCT Blitz YourNextMove"]
[Site "Leuven BEL"]
[Date "2018.06.15"]
[Round "7.5"]
[White "Anand,V"]
[Black "Grischuk,A"]
[Result "1/2-1/2"]
[WhiteElo "2759"]
[BlackElo "2766"]

1.e4 c5 2.Nf3 d6 3.Bb5+ Bd7 4.Bxd7+ Qxd7 5.O-O Nf6 6.Qe2 Nc6 7.b3 g6 8.Bb2 Bg7
9.c4 Nh5 10.Bxg7 Nxg7 11.Nc3 O-O 12.Qe3 e5 13.d3 f5 14.Nd5 f4 15.Qd2 Ne6
16.b4 g5 17.bxc5 dxc5 18.h3 h5 19.Nh2 Qg7 20.f3 Rf7 21.Rfb1 Ned4 22.Rb2 Rd8
23.Rab1 b6 24.Qd1 Rd6 25.a3 Kh7 26.Ra2 Rg6 27.Rab2 Qf8 28.Ra2 Qd6 29.Rab2 Rfg7
30.a4 Qd8 31.Ra1 Rh6 32.Rab1 Na5 33.Qe1 Qd7 34.Qd1 Kh8 35.Rf2 Nac6 36.Rbb2 Qe6
37.Rb1 Kh7 38.Rbb2 Rhg6 39.Rb1 Qd6 40.Rbb2 Qd8 41.Rb1 Qf8 42.Rbb2 Qd6 43.Rb1 Qd8
44.Rbb2 Rb7 45.Rb1 a5 46.Rfb2 Nb4 47.Rf2 Rbg7 48.Rbb2 Qd6 49.Rb1 Kg8 50.Rbb2 Kf8
51.Rb1 Ke8 52.Rc1 Kd8 53.Rb1 Kc8 54.Rbb2 Kb7 55.Rb1 Ka7 56.Rbb2 Qe6 57.Rb1 g4
58.fxg4 hxg4 59.Nxg4 Rxg4 60.hxg4 Rxg4 61.Nc7 Qg6 62.Nb5+ Nxb5 63.cxb5 Rg3
64.Rbb2 Nxd3 65.Rbd2 Qxe4 66.Rf3 c4 67.Rxg3 fxg3 68.Qe2 Qd4+ 69.Kf1 Qf4+
70.Qf3 Qxd2 71.Qf8  1/2-1/2

[Event "World Rapid 2018"]
[Site "St Petersburg RUS"]
[Date "2018.12.26"]
[Round "2.13"]
[White "Grischuk,A"]
[Black "Tsydypov,Z"]
[Result "0-1"]
[WhiteElo "2771"]
[BlackElo "2529"]

1.e4 c5 2.Nf3 d6 3.Bb5+ Nd7 4.O-O Nf6 5.Re1 a6 6.Bf1 g6 7.c3 Bg7 8.d4 O-O
9.e5 Ne8 10.Bg5 dxe5 11.dxe5 Nc7 12.Qc1 b5 13.Bh6 Bb7 14.Bxg7 Kxg7 15.Nbd2 Ne6
16.b3 Qc7 17.Qc2 Rfd8 18.a4 Bc6 19.g3 Nb6 20.Bh3 Bd7 21.Bg2 Rac8 22.axb5 axb5
23.Ne4 h6 24.Rad1 Bc6 25.Bh3 Rxd1 26.Rxd1 Bd5 27.Ned2 Qc6 28.Nh4 Rd8 29.Re1 c4
30.b4 Na4 31.Re3 Ng5 32.Bf1 Qe6 33.f4 Qb6 34.Kf2 Ne4+ 35.Nxe4 Bxe4 36.Qc1 Qa7
37.Be2 Bd3 38.Bf3 Nb6 39.Ng2 Qa2+ 40.Kg1 Na4 41.e6 f6 42.Bd1 Qb2 43.Qxb2 Nxb2
44.Bf3 Na4 45.Re1 Nxc3 46.Bc6 Ne2+ 47.Kf2 Nd4 48.Bf3 c3 49.Ne3 c2 50.Bd5 Ne2
51.Nxc2 Rxd5 52.Ne3 Rd4 53.Ra1 Rd6 54.Ra3 f5  0-1

[Event "World Blitz 2018"]
[Site "St Petersburg RUS"]
[Date "2018.12.30"]
[Round "16.17"]
[White "Salem,AR"]
[Black "Grischuk,A"]
[Result "0-1"]
[WhiteElo "2660"]
[BlackElo "2771"]

1.d4 Nf6 2.c4 g6 3.Nc3 Bg7 4.e4 d6 5.Nge2 Nbd7 6.Ng3 e5 7.d5 a5 8.Be2 Nc5
9.Be3 h5 10.Qc2 Ng4 11.Bxc5 dxc5 12.h3 Nf6 13.O-O-O Bh6+ 14.Kb1 O-O 15.h4 Ne8
16.Bd3 Nd6 17.f3 Bd7 18.Nge2 a4 19.g3 a3 20.b3 Qe7 21.Rdf1 Ne8 22.Nd1 Nf6
23.Nec3 c6 24.Rhg1 cxd5 25.exd5 Kh8 26.Re1 Rae8 27.Nf2 Qd8 28.g4 e4 29.Ncxe4 Nxe4
30.Nxe4 hxg4 31.fxg4 Bg7 32.g5 Bf5 33.Nxc5 Qb6 34.Qf2 Qb4 35.Rc1 Qxc5 36.Qxc5 Bxd3+
37.Rc2 Re2 38.Rc1 Rfe8 39.Qb5 Kh7 40.Qb4 Bb2 41.h5 Bxc1 42.Kxc1 Rxc2+ 43.Kd1 Ree2
44.Qf8 Red2+ 45.Ke1 Re2+ 46.Kd1 Rf2 47.hxg6+ Bxg6 48.Ke1 Rh2  0-1